000 00619nam a2200217Ia 4500
003 OSt
005 20260522114653.0
008 210210b2005 xxu||||| |||| 00| 0 eng d
040 _cAL
041 _aKonkani
082 _a891.463 RICJ
100 _aRICHARD (Kavtar) Psued Richard Disoja
_dರಿಚರ್ಡ್ ಡಿಸೋಜ
_9264342
245 _aJiniyechim metam
_bಜಿಣಿಯೆಚಿಂ ಮೆಟಾಂ
260 _aManglur
_bNot Mentioned
_c2005
300 _a94
650 _ametam
_9264343
650 _aDsouza
_9264345
690 _aKonkani Fiction
_9264344
906 _a064063
942 _2ddc
_cBK
999 _c139323
_d139323